Social identity (Record no. 89006)
[ view plain ]
| 000 -LEADER | |
|---|---|
| fixed length control field | 01448nam a2200337 a 4500 |
| 082 04 - DEWEY DECIMAL CLASSIFICATION NUMBER | |
| Classification number | 305 |
| 245 00 - TITLE STATEMENT | |
| Title | Social identity |
| 260 ## - PUBLICATION, DISTRIBUTION, ETC. (IMPRINT) | |
| Place of publication | London ; |
| -- | Thousand Oaks, Calif. : |
| Name of publisher | Sage, |
| Year of publication | 1998. |
| 300 ## - PHYSICAL DESCRIPTION | |
| Number of Pages | xix, 263 p. : |
| Other physical details | ill. |
| 505 0# - FORMATTED CONTENTS NOTE | |
| Formatted contents note | pt. 1. Representations of self and group -- pt. 2. Establishing group identity -- pt. 3. Identity and group/intergroup process -- pt. 4. The impact of culture on identity and categorization. |
| 650 #0 - SUBJECT ADDED ENTRY--TOPICAL TERM | |
| Topical Term | Group identity. |
| 700 1# - ADDED ENTRY--PERSONAL NAME | |
| Personal name | Worchel, Stephen. |
| 856 40 - ELECTRONIC LOCATION AND ACCESS | |
| Uniform Resource Identifier | http://site.ebrary.com/lib/rucke/Doc?id=10392703 |
No items available.
